000 00414nam a2200133 i 4500
001 bg
100 1 _aSŁAWIŃSKA, Danuta
245 0 _aChemiluminiscencja w procesach powstawania i degradacyjnego utleniania kwasów huminowych oraz jej zastosowania analityczne /
_cDanuta Sławińska.
260 _aSzczecin,
_c1973.
040 _cBPK
041 _apol
942 _cKS
008 s pl f |000 0 pol
999 _c26058
_d26058
856 _uhttp://koha.tu.koszalin.pl/cgi-bin/koha/opac-detail.pl?biblionumber=26058
_yKatalog online BPK